| 000 | 00838nas a2200277 4500 | ||
|---|---|---|---|
| 001 | BR2010001105 | ||
| 003 | BR-BrBNA | ||
| 005 | 20231205113956.0 | ||
| 007 | ta | ||
| 008 | 230509b bl.|||p| |||| 00| 00por d | ||
| 040 |
_aBR-BrBNA _bpor _cBiblioteca Nacional de Agricultura |
||
| 041 | _a(Pt) | ||
| 072 | _aH60 | ||
| 100 | 1 | _aDias, A.C.R. | |
| 100 | 1 | _aCarvalho, S.J.P. | |
| 100 | 1 | _aBrancalion, P.H.S. | |
| 100 | 1 | _aNovembre, A.D.L.C. | |
| 100 | 1 | _aChristoffoleti, P.J. | |
| 245 | 1 | _aGerminação de sementes aéreas pequenas de trapoeraba (Commelina benghalensis) | |
| 650 | _aTRAPOERABA | ||
| 650 | _aSEMENTE | ||
| 650 | _aGERMINAÇÃO | ||
| 773 | 0 |
_tPlanta Daninha (Brazil) _xISSN 0100-8358 _g(2009), v. 27(special number) p. 931-939 _wBR2010001105 |
|
| 909 |
_a202311 _bLúcia _c55 _dLúcia Elande |
||
| 942 |
_2AGRIS _n0 _cANA |
||
| 999 |
_c206532 _d206532 |
||